000 00824nam a2200241 i 4500
001 bg
100 1 _aKOŁTUNIEWICZ, Andrzej
245 1 0 _aWydajność ciśnieniowych procesów membranowych w świetle teorii odnawiania powierzchni /
_cAndrzej Kołtuniewicz.
260 _aWrocław :
_bOficyna Wydawnicza Politechniki Wrocławskiej,
_c1996.
300 _a219 s. :
_bfot., rys., wykr. ;
_c24 cm.
504 _aBibliogr. s. 204-219.
650 9 _aBłony półprzepuszczalne
_xstosowanie
650 9 _aFiltracja
_xbadanie
_xmetody
650 9 _aInżynieria powierzchni
_xteoria
650 9 _aModele matematyczne
_xstosowanie
_xtechnika
020 _a8370852009
040 _cBPK
041 0 _apl
080 _a532.6:544.7]::519.6
920 _a83-7085-200-9
942 _cKS
008 s pl f |000 0 pol
999 _c31044
_d31044
856 _uhttp://koha.tu.koszalin.pl/cgi-bin/koha/opac-detail.pl?biblionumber=31044
_yKatalog online BPK